Statistiche per Quiz sulla Valle d'Aosta

Clicka qui per fare il quiz!

Statistiche generali

  • Questo quiz è stato fatto 1.654 volte
  • Il punteggio medio è 7 su 21

Statistiche sulle risposte

DomandaRisposta% Corretto
CapoluogoAosta
99%
Montagna più altaMonte Bianco
84%
Regioni confinantiPiemonte
83%
Lingua parlata oltre all'italiano (ufficiale)Francese
81%
Settore su cui si basa l'economia regionaleTerziario/Turismo
65%
Formaggio tipicoFontina
41%
Fiume più lungoDora Baltea
40%
Parco nazionale più antico d'ItaliaParco nazionale del Gran Paradiso
36%
Traduci "tabbla" in italianoTavolo
33%
Regioni confinanti (Francia)Alvernia-Rodano-Alpi
22%
Animale raffigurato sullo stemma della regioneLeone
21%
Dialetto riconosciutoPatois
21%
Nome romano di AostaAugusta praetoria
19%
Regioni confinanti (Svizzera)Canton Vallese
19%
Castello simbolo della regioneFénis
18%
Seconda città più grandeSarre
15%
Traduci "éillize" in italianoChiesa
12%
Eroe della Resistenza valdostano a cui è dedicata la più importante piazza del capoluogoÉmile Chanoux
11%
Sport tradizionale valdostano il cui obiettivo è lanciare la pallina il più lontano possibile colpendola con una mazza.Rebatta
11%
Santo patrono della regioneSan Grato
10%
Furono visconti di Aosta, governarono la regione per conto dei SavoiaChallant
9%

Distribuzione punteggi

Percentile per numero di risposta

Percentuale di utenti per punteggio

I tuoi punteggi nel tempo

Non hai fatto questo quiz